| 000 | 00318nam a2200109Ia 4500 | ||
|---|---|---|---|
| 008 | 220204s9999 xx 000 0 und d | ||
| 082 |
_a657.6 _bINT |
||
| 245 | 0 | _aInternal auditing: Key to financial and operations improvement | |
| 260 |
_aNew York _bAlexander Hamilton _c1982 |
||
| 650 | _aInternal auditing | ||
| 942 | _cBK | ||
| 999 |
_c36912 _d36912 |
||